| 000 | 00481cam a22001577a 4500 | ||
|---|---|---|---|
| 008 | 180718b1963 xxu||||| |||| 00| 0 eng d | ||
| 082 | _aAPPPA 1963/1 | ||
| 100 | _aSivaraj, Vimala | ||
| 245 |
_aMaintenance of standards in higher education the centre's role _cby Vimala Sivaraj |
||
| 260 |
_aNew Delhi _bIndian Institute of Public Administration _c1963 |
||
| 300 | _a60p. | ||
| 650 | _aCentre's role | ||
| 650 | _aHigher education | ||
| 650 | _aStandards | ||
| 650 | _aMaintenance | ||
| 999 |
_c501219 _d501219 |
||